ბათუმის შოთა რუსთაველის სახელმწიფო უნივერსიტეტის ბიბლიოთეკა

შრომები. ტ. 3 : (ბიბ.ჩანაწერი № 64090)

000 -ლიდერი
ფიქსირებული სიგრძის საკონტროლო ველი 01748nam a22002417a 4500
003 - საკონტროლო ნომრის იდენტიფიკატორი
საკონტროლო ველი Ge_BSU
005 - ბოლო ოპერაციის თარიღი და დრო
საკონტროლო ველი 20260330144347.0
008 - ფიქსირებული სიგრძის მონაცემთა ელემენტები - ზოგადი ინფორმაცია
ფიქსირებული სიგრძის საკონტროლო ველი 260327s2009 ge ||||| |||| 00| 0 geo d
020 ## - წიგნის საერთაშორისო სტანდარტული ნომერი
International Standard Book Number 19875843
041 ## - ენის კოდი
Language code of text/sound track or separate title geo
080 ## - უნივერსალური ათობითი კლასიფიკაციის ინდექსი
Universal Decimal Classification number 338.48(063) შ-87
245 ## - ცნობა სათაურის შესახებ
Title შრომები. ტ. 3 :
Remainder of title მესამე სამეცნიერო კონფერენცია თემაზე: ეკონომიკა, ბიზნესი და ლოგისტიკა /
Statement of responsibility, etc რედაქტორები :რ. მამულაძე, ა. მახარაძე, ჯ. ვარდმანიძე; საქ. განათლების ა და მეცნიერების სამინისტრო. ბათუმის საზღვაო აკადემია.
264 ## - წარმოების, გამოცემის, დისტრიბუციის და სხვა ცნობები
გამოცემის, წარმოების, დისტრიბუციის... ადგილი ბათუმი :
გამოცემის, წარმოების, დისტრიბუციის... სახელწოდება შოთა რუსთაველის სახელმწიფო უნივერსიტეტი,
გამოცემის, წარმოების, დისტრიბუციის... თარიღი 2009.
300 ## - ფიზიკური აღწერა
Extent 300 გვ.;
Other physical details 21 სმ.
653 ## - INDEX TERM--UNCONTROLLED
Uncontrolled term ეკონომიკა
653 ## - INDEX TERM--UNCONTROLLED
Uncontrolled term ბიზნესი
653 ## - INDEX TERM--UNCONTROLLED
Uncontrolled term ლოგისტიკა
700 ## - ADDED ENTRY--PERSONAL NAME
Personal name მამულაძე, რომან
Relator term რედაქტორი
9 (RLIN) 7235
700 ## - ADDED ENTRY--PERSONAL NAME
Personal name მახაძე, ასლან
Relator term რედაქტორი
9 (RLIN) 13027
700 ## - ADDED ENTRY--PERSONAL NAME
Personal name ვარდმანიძე, ჯუმბერ
Relator term რედაქტორი
9 (RLIN) 27226
710 ## - ADDED ENTRY--CORPORATE NAME
Corporate name or jurisdiction name as entry element საქ. განათლების ა და მეცნიერების სამინისტრო. ბათუმის საზღვაო აკადემია.
Subordinate unit ბიზნესისა და მართვის ფაკულტეტი.
9 (RLIN) 27227
942 ## - ADDED ENTRY ELEMENTS (KOHA)
Source of classification or shelving scheme
Koha item type წიგნი
ეგზემპლარები
ჩამოწერის სტატუსი დაკარგული ეგზემპლარის სტატუსი კლასიფიკაციის წყარო ან თაროზე გაწყობის სქემა დაზიანების სტატუსი არ გაიცემა მუდმივი მდებარეობა (დაცვის ადგილი) ამჟამინდელი ადგილსამყოფელი თაროზე განთავსების ადგილი შეძენის თარიღი ღირებულება, შესყიდვის ნორმალური ფასი სრული შენახვის შიფრი შტრიხკოდი ბოლო ოპერაციის თარიღი ეგზემპლარის მიმდევრობითი ნომერი (კეტერი?) ფასის ძალაში შესვლის თარიღი ეგზემპლარის სახეობა საჯარო შენიშვნა
          ბათუმის შოთა რუსთაველის სახელმწიფო უნივერსიტეტის მთავარი ბიბლიოთეკა ბათუმის შოთა რუსთაველის სახელმწიფო უნივერსიტეტის მთავარი ბიბლიოთეკა წიგნსაცავი 2026-03-27 8.00 338.48(063) შ-87 74148 2026-03-27 74148 2026-03-27 წიგნი 8 ლ.